California Area Codes Quiz Stats

 Plays Quiz not verified by Sporcle

Also try: 9-Letter US States
Challenge
Share
Tweet
Embed
Score 0/10 Timer 03:00
0 Plays Today
Major City or Area Area Code % Correct
Los Angeles213
96.7%
San Francisco415
84.8%
San Jose408
71.7%
San Diego619
70.7%
Long Beach310
69.6%
Sacramento916
66.3%
Oakland510
64.1%
Santa Ana714
62%
Anaheim714
60.9%
Fresno559
48.9%

You're not logged in!

Compare scores with friends on all Sporcle quizzes.
OR
Log In

You Might Also Like...

Show Comments

Extras

Top Quizzes Today


Score Distribution

Your Account Isn't Verified!

In order to create a playlist on Sporcle, you need to verify the email address you used during registration. Go to your Sporcle Settings to finish the process.

Report this User

Report this user for behavior that violates our Community Guidelines.

Details: